Variabilná modrotlačová forma
Salvato in:
| Autore principale: | |
|---|---|
| Altri autori: | |
| Natura: | Manoscritto Libro |
| Lingua: | slovacco |
| Pubblicazione: |
Bratislava
2021
|
| Soggetti: | |
| Accesso online: | http://is.stuba.sk/zp/portal_zp.pl?podrobnosti=153664 |
| Tags: |
Nessun Tag, puoi essere il primo ad aggiungerne!!
|
MARC
| LEADER | 00000ntm a22000003a 4500 | ||
|---|---|---|---|
| 001 | stuzp85128 | ||
| 003 | SK-STU | ||
| 005 | 20220222083849.2 | ||
| 007 | ta | ||
| 008 | 150427s2015----xo-----f-mn---000-0-slo-d | ||
| 040 | |a STU |b slo | ||
| 041 | 0 | |a slo | |
| 100 | 1 | |a Trnka, Peter |u 059190 |4 aut |U FAD Fakulta architektúry a dizajnu |T FAD Ústav dizajnu |X 77229 |U A9190 |Y 400 |7 77229 | |
| 242 | 0 | 1 | |a Variable blueprint stamp |y eng |
| 245 | 1 | 0 | |a Variabilná modrotlačová forma |
| 260 | |c 2021 |a Bratislava | ||
| 650 | 4 | |a drevo |2 slo | |
| 650 | 4 | |a forma |2 slo | |
| 650 | 4 | |a potlač |2 slo | |
| 650 | 4 | |a modrotlač |2 slo | |
| 650 | 4 | |a kufrík |2 slo | |
| 650 | 4 | |a blueprint |2 eng | |
| 650 | 4 | |a wood |2 eng | |
| 650 | 4 | |a stamp |2 eng | |
| 650 | 4 | |a bloc kprint |2 eng | |
| 650 | 4 | |a briefcase |2 eng | |
| 700 | 1 | |a Paliatka, Peter |u 059190 |k Z1 |4 ths |U FAD Fakulta architektúry a dizajnu |T FAD Ústav dizajnu |X 332 |U A9190 |Y 400 |7 A000000332 | |
| 856 | 4 | |u http://is.stuba.sk/zp/portal_zp.pl?podrobnosti=153664 |u https://opac.crzp.sk/?fn=detailBiblioForm&sid=0C216CD716E182230D2B0FAAC853 | |